MARC

LEADER 00000nam0a2200000 4500
001 284399
005 20231101235706.0
035 |a (RuTPU)RU\TPU\book\308559 
090 |a 284399 
100 |a 20150214d1985 m y0rusy50 ca 
101 0 |a rus 
102 |a RU 
105 |a y z 000zy 
200 1 |a Льготы участникам Великой Отечественной войны  |f под ред. М. Л. Захарова 
210 |a Москва  |c Юридическая литература  |d 1985 
215 |a 96 с. 
606 1 |a Льготы  |y Россия  |2 stltpush  |3 (RuTPU)RU\TPU\subj\36371  |9 57777 
606 1 |a Пенсии и пособия  |x Правовое регулирование  |2 stltpush  |3 (RuTPU)RU\TPU\subj\48459  |9 67326 
610 1 |a постановления 
610 1 |a нормативные акты 
610 1 |a социальная защита 
610 1 |a участники Великой отечественной войны 
610 1 |a члены семьи 
610 1 |a медицинское обслуживание 
610 1 |a социальное обеспечение 
686 |a У9(2)272  |v LBC/SL-A  |2 rubbk 
686 |a Х627.6  |v LBC/SL-A  |2 rubbk 
702 1 |a Захаров  |b М. Л.  |4 340 
801 1 |a RU  |b 63413507  |c 20150214 
801 2 |a RU  |b 63413507  |c 20171024  |g RCR 
942 |c BK